Eichmann / (Record no. 59108)

MARC details
000 -LEADER
campo de control de longitud fija 00958nam a2200277 i 4500
001 - NÚMERO DE CONTROL
campo de control 59108
003 - IDENTIFICADOR DE NÚMERO DE CONTROL
campo de control ES-MaACL
005 - FECHA Y HORA DE LA ÚLTIMA TRANSACCIÓN
campo de control 20230906163951.0
007 - CAMPO FIJO DE DESCRIPCIÓN FÍSICA--INFORMACIÓN GENERAL
campo de control de longitud fija t|
008 - DATOS DE LONGITUD FIJA--INFORMACIÓN GENERAL
campo de control de longitud fija 031027s1972 sp ||||1| spa d
100 1# - ENTRADA PRINCIPAL--NOMBRE DE PERSONA
Nombre de persona Eichmann, Adolf.
9 (RLIN) 46812
245 10 - MENCIÓN DEL TÍTULO
Título Eichmann /
Mención de responsabilidad, etc. por Eichmann ; texto recopilado por Pierre Jeffrey y Karin Königseder ; prólogo de Auner W. Less ; epílogo de Pierre Jeffrey ; [traducción de Janine Muls de Liaras y Jaime Liaras García].
250 ## - MENCION DE EDICION
Mención de edición 1ª ed.
260 ## - PUBLICACIÓN, DISTRIBUCIÓN, ETC.
Lugar de publicación, distribución, etc. [Barcelona] :
Nombre del editor, distribuidor, etc. Aymá,
Fecha de publicación, distribución, etc. 1972.
300 ## - DESCRIPCIÓN FÍSICA
Extensión 481 p. ;
Dimensiones 20 cm.
490 1# - MENCIÓN DE SERIE
Mención de serie Presencia del tiempo
600 14 - PUNTO DE ACCESO ADICIONAL DE MATERIA--NOMBRE DE PERSONA
Nombre de persona Eichmann, Adolf.
9 (RLIN) 46812
700 1# - ENTRADA AGREGADA--NOMBRE PERSONAL
Nombre de persona Jeffrey, Pierre.
9 (RLIN) 66267
700 1# - ENTRADA AGREGADA--NOMBRE PERSONAL
Nombre de persona Königseder, Karin.
9 (RLIN) 68553
700 1# - ENTRADA AGREGADA--NOMBRE PERSONAL
Nombre de persona Less, Auner W.
9 (RLIN) 71846
700 1# - ENTRADA AGREGADA--NOMBRE PERSONAL
Nombre de persona Muls de Liaras, Janine.
9 (RLIN) 161938
700 1# - ENTRADA AGREGADA--NOMBRE PERSONAL
Nombre de persona Liaras García, Jaime.
9 (RLIN) 72156
830 1# - PUNTO DE ACCESO ADICIONAL DE SERIE-TÍTULO UNIFORME
Título uniforme Presencia del tiempo
9 (RLIN) 183374
852 ## - LOCALIZACIÓN
Ubicación ES-MaACL
Número de control de estantería C-43203
Holdings
Estatus retirado Estado de pérdida Estado de daño No para préstamo Biblioteca de origen Biblioteca actual Ubicación en estantería Fecha de adquisición Fuente de adquisición Total de préstamos Signatura topográfica completa Código de barras Visto por última vez Precio de reemplazo Tipo de ítem Koha
        Biblioteca del Ateneo de Madrid Biblioteca del Ateneo de Madrid Depósito 2 17/01/2008     C-43203 1062005 23/02/2023 23/02/2023 Libro impreso